=LDR 00000nam 2200000 4500 =001 INLIS000000000011030 =005 20130612102633 =008 ***********************************Ind** =035 ##$$0010-061300000011030 =041 ##$$a Ind =082 ##$$a 658.8 =090 ##$$a 658.8, afi-m =100 ##$$a Afiff, faisal =245 ##$$a Menuju Pemasaran Global, Faisal Afiff =260 ##$$a 1994 $b Bandumg =300 ##$$a X, 182 hlm, ilus, 21 cm =650 ##$$a Manajemen Pemasaran =850 ##$$a NBPNMAT =990 ##$$a 78967896 =990 ##$$a 67.999 pro.94-95 =990 ##$$a 120.505/Pro-97 =990 ##$$a 120.506/Pro-97